|
|
|
|
| LEADER |
00000nab a2200000 a 4500 |
| 001 |
vtls000642718 |
| 003 |
SK-MaSNL |
| 005 |
20260303192522.0 |
| 008 |
160401c1997 xo 0 slo |
| 015 |
|
|
|a SNBRB19rr/mm-uuuuu
|
| 035 |
|
|
|a CL0642857
|
| 040 |
|
|
|a SNKBUCL
|b slo
|c SNKBUCL
|e AACR2
|
| 041 |
0 |
|
|a slo
|
| 044 |
|
|
|a xo
|c SK
|
| 080 |
|
|
|a 796.325.093.1
|2 1981
|
| 245 |
0 |
0 |
|a Finiš Senica na druhé miesto
|b 1. liga volejbalistiek - 10. kolo: nasleduje prestávka do 10. januára
|
| 650 |
0 |
7 |
|a volejbal
|2 snkbucl
|9 3294
|
| 655 |
|
7 |
|a články z novín a časopisov
|2 snkbucl
|9 267496
|
| 773 |
0 |
|
|t Šport
|g Roč. 51, č. 288 (15. 12. 1997), s. 12
|
| 850 |
|
|
|a Slovenská národná knižnica v Martine
|a MTA001
|
| 852 |
|
|
|a SNK
|b KIS3GCP
|
| 958 |
|
|
|a RK
|
| 958 |
|
|
|a RBX
|
| 999 |
|
|
|c 2146721
|d 2148651
|